Atlas histórico de la Biblia: Antiguo Testamento

Saved in:
Bibliographic Details
Main Author: Palacios Rios, Germán (autor)
Format: Book
Language:Spanish
Published: Santiago Santillana 1982
Subjects:
Tags: Add Tag
No Tags, Be the first to tag this record!

MARC

LEADER 00000cam a2200000 a 4500
001 UCW6174
003 CL-VaPUC
008 911028e19820000CL |||||||||||||||||spa|d
082 0 4 |a 221.91  |b PAL  |2 21 
100 |a Palacios Rios, Germán  |e autor  |9 771862 
245 1 0 |a Atlas histórico de la Biblia: Antiguo Testamento 
300 |a 80 p 
942 |c BK 
945 |d 19911028 00:00:00 
260 |a Santiago  |b Santillana  |c 1982 
650 0 |a Biblia  |9 257603 
650 0 |a Historiografía   |9 257871 
650 0 |a Mapas  |9 260844 
583 |a last modification  |c 20170628 10:42:13  |k Rodrigo Vera 
999 |c 219330  |d 219328 
952 |0 0  |1 0  |4 0  |6 221_910000000000000_PAL_1982  |7 0  |8 X  |9 210125  |a BIBEDU  |b BIBEDU  |d 2019-11-15  |i 2782138  |o 221.91 PAL 1982  |p 2782138  |r 2023-01-13  |w 2019-11-15  |y BK_X  |k EDU 
952 |0 0  |1 0  |4 0  |6 221_910000000000000_PAL_1982  |7 0  |8 X  |9 210126  |a BIBEDU  |b BIBEDU  |d 2019-11-15  |i 2782146  |o 221.91 PAL 1982  |p 2782146  |r 2023-01-13  |w 2019-11-15  |y BK_X  |k EDU 
952 |0 0  |1 0  |4 0  |6 221_910000000000000_PAL_1982  |7 0  |8 X  |9 210127  |a BIBHIS  |b BIBHIS  |d 2019-11-15  |i 1348841  |o 221.91 PAL 1982  |p 1348841  |r 2024-01-30  |w 2019-11-15  |y BK_X  |k HIS